World Series MVPs - Statistics

General Stats
  • This quiz has been taken 9 times
    2 since last reset
  • The average score is 44 of 70
Answer Stats
Year Winners Answer % Correct
1984 Tigers Alan Trammell
100%
1985 Roylas Bret Saberhagen
100%
1970 Orioles Brooks Robinson
100%
2008 Phillies Cole Hamels
100%
2011 Cardinals David Freese
100%
2013 Red Sox David Ortiz
100%
1989 Athletics David Stewart
100%
2000 Yankees Derek Jeter
100%
2010 Giants Edgar Renteria
100%
1966 Orioles Frank Robinson
100%
1987 Twins Frank Viola
100%
1991 Twins Jack Morris
100%
1976 Reds Johnny Bench
100%
2021 Braves Jorge Soler
100%
1997 Marlins Livan Hernandez
100%
2014 Giants Madison Bumgarner
100%
2004 Red Sox Manny Ramirez
100%
1968 Tigers Mickey Lolich
100%
1980 Phillies Mike Schmidt
100%
1988 Dodgers Orel Hershiser
100%
2012 Giants Pablo Sandoval
100%
1977 Yankees Reggie Jackson
100%
1973 Athletics Reggie Jackson
100%
1981 Dodgers Ron Cey
100%
2015 Royals Salvador Perez
100%
1965 Dodgers Sandy Koufax
100%
1963 Dodgers Sandy Koufax
100%
1995 Braves Tom Glavine
100%
1961 Yankees Whitey Ford
100%
1979 Pirates Willie Stargell
100%
1983 Orioles Alex Dempsey
50%
2016 Cubs Ben Zobrist
50%
1960 Yankees Bobby Richardson
50%
1967 Cardinals Bob Gibson
50%
1964 Cardinals Bob Gibson
50%
1958 Yankees Bob Turley
50%
1978 Yankees Bucky Dent
50%
2020 Dodgers Corey Seager
50%
2001 Diamondbacks Curt Schilling
50%
1982 Cardinals Darrell Porter
50%
1969 Mets Don Clendenon
50%
2017 Astros George Springer
50%
2009 Yankees Hideki Matsui
50%
2022 Astros Jeremy Pena
50%
1955 Dodgers Johnny Podres
50%
1996 Yankees John Wetteland
50%
1990 Reds Jose Rijo
50%
1959 Dodgers Larry Sherry
50%
1957 Braves Lew Burdette
50%
1999 Yankees Mariano Rivera
50%
2007 Red Sox Mike Lowell
50%
1993 Blue Jays Paul Molitor
50%
1975 Reds Pete Rose
50%
2001 Diamondbacks Randy Johnson
50%
1986 Mets Ray Knight
50%
1971 Pirates Roberto Clemente
50%
2019 Nationals Stephen Strasberg
50%
2006 Cardinals David Eckstein
0%
1956 Yankees Don Larsen
0%
1972 Athletics Gene Tenace
0%
2005 White Sox Jermaine Dye
0%
2003 Marlins Josh Beckett
0%
1992 Blue Jays Pat Borders
0%
1981 Dodgers Pedro Guerrero
0%
1962 Yankees Ralph Terry
0%
1974 Athletics Rollie Fingers
0%
1998 Yankees Scott Brosius
0%
2018 Red Sox Steve Pearce
0%
1981 Dodgers Steve Yeager
0%
2002 Angels Troy Glaus
0%
No matching quizzes found
Score Distribution
Percent of People with Each Score
Percentile by Number Answered
Your Score History
You have not taken this quiz since the last reset